00688nam a2200253 a 4500001001000000003000500010005001700015008004100032010001100073011001100084020001800095040000900113082001600122245011400138260002400252300002200276650002100298650001200319650002800331650002400359650001100383700001900394700002100413000108546CHAP20220329144016.0140224s2013 it a |r| ||||||eng d a105008 a105980 a9789251076101 cCHAP04a612.3bF21y10aEating well for good health :blessons on nutrition and healthy diets /cpor Valeria Menza y Claudia Probart. aRoma :bFAO,c2013. axvi, 340 p :bil.14aAlimentos sanos.14aDietas.14aHábitos alimenticios.14aNutrición humana.14aSalud.1 aMenza, Valeria1 aProbart, Claudia